000
00248nam a2200097Ia 4500
001
709450
005
20250826162547.0
008
250824s9999 xx 000 0 und d
245
0
_a
FADİŞ BEDİŞ EDİŞ III
_c
CAHİT UÇUK
260
_b
BİLGE YAYINLARI
999
_c
709450
_d
709450